| 000 | 00546nam a2200181 4500 | ||
|---|---|---|---|
| 001 | 106942 | ||
| 003 | ES-MaACL | ||
| 005 | 20240417111739.0 | ||
| 007 | t| | ||
| 008 | 061121s1971 sp r ||||1| spa d | ||
| 100 | 1 |
_aMoreno Ortega, Francisco. _983421 |
|
| 245 | 1 | 3 |
_aUn nudo en el agua / _cFrancisco Moreno Ortega ; Angel Caffarena. |
| 260 |
_aMálaga : _bEl Guadalhorce, _c1971. |
||
| 300 |
_a67 p. : _bil. ; _c22 cm. |
||
| 700 | 1 |
_aCaffarena, Ángel, _d1914-1998 _933414 |
|
| 852 |
_aES-MaACL _jC-38687 _bR.78793 |
||
| 999 |
_c106942 _d106942 |
||